000 00448nam a22001577a 4500
005 20240406114527.0
008 240406b |||||||| |||| 00| 0 eng d
041 _aMarathi
082 _a891.46
_bDHA
100 _aDharmadhikari Avinash
_9206203
245 _a Nava Vijaypath : Veykthimhatv Viksan Aani UPSC, MPSC pasun Aayushyaparyant
260 _aPune
_bChanakya Mandal Pariwar
_c2014
300 _a392
650 _aNon Fiction
942 _cDB
999 _c357695
_d357695